LEADER 00727nas 2200241zu 450 001 996691975803316 005 20260218111932.0 011 $a2829-9590 035 $a(CKB)44213522700041 035 $a(DE-599)ZDB3231687-2 035 $a(DE-599)3231687-2 035 $a(EXLCZ)9944213522700041 100 $a20251215cuuuuuuuu || | 101 0 $aeng 135 $aur||||||||||| 200 00$aIndonesian Journal of Environmental Law and Sustainable Development 210 $aIndonesia: $cUniversitas Negeri Semarang 311 08$a2829-9582 610 0$aenvironmental law 906 $aJOURNAL 912 $a996691975803316 996 $aIndonesian Journal of Environmental Law and Sustainable Development$94466249 997 $aUNISA